Shakespeare's "Macbeth" Characters - Statistics

General Stats
  • This quiz has been taken 216 times
    210 since last reset
  • The average score is 13 of 27
Answer Stats
% Correct
Macbeth
99%
Lady Macbeth
96%
Banquo
92%
Macduff
91%
Duncan
90%
The Weird Sisters
78%
Lady Macduff
74%
Malcolm
73%
Fleance
70%
Ross
55%
Donalbain
53%
Lennox
42%
Porter
42%
Hecate
40%
Old Siward
37%
Doctor
35%
Young Siward
29%
Angus
28%
Seyton
25%
Sergeant
23%
The Murderers
21%
Servant
19%
Gentlewoman
17%
Messenger
9%
Caithness
8%
Menteith
8%
Young Macduff
5%
No matching quizzes found
Score Distribution
Percent of People with Each Score
Percentile by Number Answered
Your Score History
You have not taken this quiz since the last reset